[Event "icn3g3r2,Perpignan-Béziers"]
[Site "?"]
[Date "2003.11.15"]
[Round "?"]
[White "Anton, G."]
[Black "Von Flüe, E."]
[Result "1/2-1/2"]
[WhiteElo "2007"]
[BlackElo "1940"]
[EventDate "2003.12.02"]
[PlyCount "128"]

1.e4 c5 2.Nc3 Nc6 3.f4 g6 4.Nf3 Bg7 5.Bc4 e6 6.f5 Ne5 7.Nxe5 Bxe5 8.Qf3 
gxf5 9.d3 Qh4+ 10.g3 Qg4 11.O-O Qxf3 12.Rxf3 fxe4 13.dxe4 h6 14.Be3 d6 15.
Nb5 Ke7 16.Raf1 Rh7 17.Nc3 Bd7 18.Bd2 Bc6 19.Bd3 a6 20.a4 Rf8 21.Bf4 Bd4+ 
22.Be3 e5 23.Bxd4 cxd4 24.Nd5+ Bxd5 25.exd5 Rg7 26.Be4 h5 27.Rb3 Rb8 28.
Bd3 a5 29.Kg2 h4 30.Rb6 hxg3 31.hxg3 Nf6 32.Rb5 b6 33.b4 axb4 34.a5 Nd7 
35.a6 Kd8 36.Rxb4 Kc7 37.Bb5 Nc5 38.a7 Ra8 39.Ra1 f5 40.Bc6 Nb7 41.Ra6 f4 
42.Raxb6 Rxg3+ 43.Kf2 Rxa7 44.Bxb7 e4 45.Rc6+ Kd7 46.Bc8+ Ke7 47.Rxd4 e3+ 
48.Ke2 Rg2+ 49.Kf3 Rf2+ 50.Kg4 Kd8 51.Be6 Ke7 52.Bc8 Kf6 53.Rxf4+ Rxf4+ 
54.Kxf4 e2 55.Rxd6+ Kf7 56.Re6 Re7 57.Rxe2 Rxe2 58.c4 Ke7 59.Ba6 Re1 60.
Bb5 Kd6 61.Kf5 Kc5 62.Kf6 Kd6 63.Kg5 Kc5 64.Kf6 Kd6 1/2-1/2

[Event "icn3g3r2,Montpellier Echecs-Ramonville"]
[Site "?"]
[Date "2003.11.15"]
[Round "?"]
[White "Rasse, Charlotte"]
[Black "Grand, P."]
[Result "0-1"]
[WhiteElo "1790"]
[BlackElo "1960"]
[EventDate "2003.12.02"]
[PlyCount "74"]

1.d4 Nf6 2.Nf3 e6 3.Bg5 b6 4.e3 Bb7 5.Nbd2 d5 6.c4 Be7 7.Bd3 c5 8.O-O cxd4
9.Nxd4 O-O 10.Qc2 h6 11.Bh4 Na6 12.Qd1 Nc5 13.Bc2 dxc4 14.Nxc4 $4 
    ( 14.Qe2 $1 )
14...Qd5 15.e4 Qxc4 16.b3 Qc3 17.e5 Nd5 18.Bxe7 Nxe7 19.Rc1 Qa5 20.Qg4 Qd2
21.h4 Nd5 22.g3 Ne3 23.Rfd1 Nxg4 
    ( 23...Qxc1 $3 )
24.Rxd2 Nxe5 25.b4 Na6 26.f4 Nc4 27.Re2 Nxb4 28.Bb3 Na5 29.a3 Nxb3 30.Nxb3
Nd5 31.Nd4 Rfc8 32.Rec2 Rxc2 33.Rxc2 Rc8 34.Rxc8+ Bxc8 35.Nb5 a6 36.Nd6 
Bd7 37.Kf2 Kf8 0-1

[Event "icn3g3r2,Montpellier Echecs-Ramonville"]
[Site "?"]
[Date "2003.11.15"]
[Round "?"]
[White "Leost, Joel"]
[Black "Nicq-Beothy, A."]
[Result "0-1"]
[WhiteElo "1420"]
[BlackElo "1540"]
[EventDate "2003.12.02"]
[PlyCount "94"]

1.c4 c6 2.Nc3 d5 3.cxd5 cxd5 4.d4 Nf6 5.f4 Bf5 6.Nf3 Nc6 7.a3 e6 8.e3 Be7 
9.Be2 O-O 10.Ne5 Nxe5 11.dxe5 Ne4 12.O-O Nxc3 13.bxc3 Qa5 14.Bb2 Bc5 15.
Rf3 Rac8 16.Bd3 $2 
    ( 16.Rg3 )
16...Bg4 17.Kh1 Bxf3 18.Qxf3 Qb6 19.Bc1 Qa5 20.Bb2 Bb6 21.Rc1 Qc5 22.Re1 
Rc7 23.f5 exf5 24.Qxf5 g6 25.Qg5 Qe7 26.Qf6 Qxf6 27.exf6 Rc6 28.Rf1 Bxe3 
29.Rf3 Bg5 30.c4 dxc4 31.Be4 Rd6 32.h3 b6 33.a4 Rc8 34.Ba3 Rxf6 35.Rc3 Rd8
36.Rxc4 Rf1+ 37.Kh2 Bf4+ 38.g3 Rd2+ 39.Bg2 Rff2 40.Rc8+ Kg7 41.Bf8+ Kf6 
42.Rc6+ Kf5 43.gxf4 Rxg2+ 44.Kh1 Rge2 45.Rc5+ bxc5 46.Bxc5 Rd1+ 47.Bg1 
Ree1 0-1

[Event "icn3g3r2,Montpellier Echecs-Ramonville"]
[Site "?"]
[Date "2003.11.15"]
[Round "?"]
[White "Guillory, G."]
[Black "Selcer, Ethan"]
[Result "0-1"]
[WhiteElo "1930"]
[BlackElo "1890"]
[EventDate "2003.12.02"]
[PlyCount "68"]

1.d4 d5 2.c4 c6 3.Nc3 Nf6 4.Nf3 e6 5.Bg5 dxc4 6.e3 b5 7.a4 Bb4 8.Be2 Bb7 
9.O-O a6 10.Qc2 O-O 11.e4 Be7 12.Rfd1 Nfd7 13.Bf4 Qb6 14.e5 c5 15.d5 b4 
16.d6 bxc3 17.dxe7 Re8 18.Ng5 g6 19.Qxc3 Bd5 20.Qh3 h5 21.Bxh5 Rxe7 22.Ra3
Qxb2 23.Bg4 f5 24.exf6 Qxf6 25.Bd2 Ne5 26.Rg3 Nd3 27.Bf3 c3 28.Bc1 $4 
    ( 28.Ne4 $1 Bxe4 29.Bxc3 Qxc3 30.Bxe4 Qe5 31.Rxg6+ Rg7 32.Bxd3 Nc6 33.
    Rxe6 Qd5 34.Rxc6 Qxc6 35.Bc4+ Rf7 36.Bxf7+ Kxf7 37.Rd7+ $18 )
28...Nxc1 
    ( 28...c2 $1 29.Rf1 Nxc1 30.Qh6 Bxf3 31.Rxc1 Bh5 32.Ne4 Qf5 33.Nf6+ 
    $19 )
29.Bxd5 $4 
    ( 29.Qh6 $1 Qg7 30.Qxg7+ Kxg7 31.Rxc1 $11 )
29...exd5 
    ( 29...Ne2+ $1 30.Kf1 Nxg3+ 31.Qxg3 exd5 $19 )
30.Qc8+ Kg7 31.Rf3 $2 
    ( 31.Rxc1 $11 )
31...Ne2+ 32.Kf1 Nf4 33.Rxd5 c2 34.Qxc5 Qa1+ 0-1

[Event "icn3g3r2,Montpellier Echecs-Ramonville"]
[Site "?"]
[Date "2003.11.15"]
[Round "?"]
[White "Guennoun, Anthony"]
[Black "Bedos, Michel"]
[Result "0-1"]
[WhiteElo "2114"]
[BlackElo "2293"]
[EventDate "2003.12.02"]
[PlyCount "70"]

1.e4 c5 2.Nf3 Nc6 3.Nc3 Nf6 4.e5 Ng4 5.Qe2 d6 6.exd6 Qxd6 7.Ne4 Qd5 8.c4 
Qd8 9.h3 Nh6 10.Nxc5 Nf5 11.Nb3 a5 12.d3 e5 13.Be3 a4 14.Nbd2 a3 15.b3 Bb4
16.Rc1 O-O 17.g3 Ncd4 18.Qd1 Nxe3 19.fxe3 Nxf3+ 20.Qxf3 Ra6 21.Be2 Qc7 22.
Kd1 Bd7 23.Rf1 Bxh3 24.Rh1 Bd7 25.Ne4 f5 26.Ng5 e4 27.Qg2 Rg6 28.Nxh7 exd3
29.Bf3 Re8 30.Bd5+ Be6 31.g4 Qe5 32.Bxe6+ Rexe6 33.Qxb7 Qxe3 34.Qa8+ Re8 
35.Qd5+ Rge6 0-1

[Event "icn3g3r2,Montpellier Echecs-Ramonville"]
[Site "?"]
[Date "2003.11.15"]
[Round "?"]
[White "Faure, Nicolas"]
[Black "Patrat, Joel"]
[Result "1-0"]
[WhiteElo "1996"]
[BlackElo "2017"]
[EventDate "2003.12.02"]
[PlyCount "83"]

1.e4 c5 2.Nf3 e6 3.d4 cxd4 4.Nxd4 a6 5.Bd3 Qc7 6.O-O Nf6 7.Nc3 b5 8.Be3 
Bb7 9.a3 h5 $6 10.h3 b4 11.axb4 Bxb4 12.f3 h4 13.Na4 d5 14.exd5 Nxd5 15.
Bf2 Nd7 16.Rc1 N7f6 17.c4 Ne7 18.c5 Nc6 19.Nb6 Rd8 20.Qa4 Kf8 21.Nxc6 Bxc6
22.Qxa6 Bd2 23.Rc2 Bf4 24.Bb5 g5 25.Bxc6 Qxc6 26.Qa4 Qc7 27.c6 Kg7 28.Ra1 
Nh5 29.Re2 Bg3 30.Qb5 Rb8 $4 
    ( 30...Nf4 31.Rc2 Bxf2+ 32.Rxf2 Nd5 $16 )
31.Qxg5+ Kf8 32.Bc5+ Ke8 33.Kh1 $4 
    ( 33.Nd5 $1 Bh2+ 34.Kf1 Qd6 35.Bxd6 Bxd6 $18 )
33...Bf4 34.Qg4 Ng3+ 35.Kg1 Nxe2+ 36.Kf2 Ng3 37.Bd4 Be5 $2 
    ( 37...Rxb6 $1 38.Qg7 Rf8 39.Bc5 Bd6 40.Bxd6 Qxd6 41.Ra8+ Rb8 42.Rxb8+
    Qxb8 43.Qd4 Qd8 $19 )
38.Nd7 Bxd4+ 39.Qxd4 Rh6 40.Nxb8 Qxb8 41.Ra7 Qc8 $4 42.Qg7 1-0

[Event "icn3g3r2,Montpellier Echecs-Ramonville"]
[Site "?"]
[Date "2003.11.15"]
[Round "?"]
[White "Daniilidis, Aris"]
[Black "Schoucair, Henry"]
[Result "1/2-1/2"]
[WhiteElo "2310"]
[BlackElo "2086"]
[EventDate "2003.12.02"]
[PlyCount "74"]

1.e4 e5 2.Nf3 Nf6 3.Nxe5 d6 4.Nf3 Nxe4 5.d4 d5 6.Bd3 Bd6 7.O-O O-O 8.c4 c6
9.Qc2 Bf5 10.Nc3 Na6 11.a3 Re8 12.Re1 Qf6 13.Nxe4 dxe4 14.Bxe4 Rxe4 15.
Rxe4 Qg6 16.Nd2 Bf4 17.Qb3 Bxe4 18.Nxe4 Qxe4 19.Bxf4 Qxf4 20.Qxb7 Nc7 21.
Qxc6 Rd8 22.g3 Qd6 23.Qxd6 Rxd6 24.d5 a5 25.b4 axb4 26.axb4 Ra6 27.Rb1 Kf8
28.b5 Rb6 29.f3 Ke7 30.Ra1 Rb7 31.Kf2 Kd6 32.Ke2 Kc5 33.Kd3 Rb8 34.Ra7 Kb6
35.Ra2 Kc5 36.Ra7 Kb6 37.Ra2 Kc5 1/2-1/2

[Event "icn3g3r2,Montpellier Echecs-Ramonville"]
[Site "?"]
[Date "2003.11.15"]
[Round "?"]
[White "Damiano, H."]
[Black "Renaux, Osmin"]
[Result "0-1"]
[WhiteElo "1640"]
[BlackElo "1870"]
[EventDate "2003.12.02"]
[PlyCount "46"]

1.d4 Nf6 2.c4 g6 3.Nc3 Bg7 4.e4 d6 5.Be2 O-O 6.Nf3 e5 7.Be3 Nbd7 8.d5 Ne8 
9.Nd2 f5 10.f3 Ndf6 11.g4 $6 fxg4 12.fxg4 $2 
    ( 12.O-O )
12...Nxg4 13.Nf1 Rxf1+ 14.Bxf1 Nxe3 15.Qe2 Qh4+ 16.Kd2 Bh6 17.Kd3 b5 18.
cxb5 a6 19.Qe1 Qh5 20.Qf2 axb5 21.Be2 Qh3 22.a3 Ng4+ 23.Qg3 Nf2+ 0-1

[Event "icn3g3r2,Montpellier Echecs-Ramonville"]
[Site "?"]
[Date "2003.11.15"]
[Round "?"]
[White "Croze, Yoann"]
[Black "Legros, JL."]
[Result "1-0"]
[WhiteElo "1970"]
[BlackElo "1997"]
[EventDate "2003.12.02"]
[PlyCount "103"]

1.e4 c6 2.d4 d5 3.exd5 cxd5 4.c4 Nf6 5.Nc3 e6 6.Nf3 Be7 7.c5 O-O 8.Bd3 b6 
9.b4 a5 10.Na4 Nbd7 11.a3 axb4 12.axb4 bxc5 13.dxc5 e5 14.Be2 d4 15.O-O d3
16.Qxd3 e4 17.Qc3 exf3 18.Bxf3 Rb8 19.Bf4 Ba6 20.Bxb8 Bxf1 21.Bg3 Ne4 22.
Bxe4 Bf6 23.Qc2 Bxa1 24.Kxf1 Nf6 25.Bf3 Re8 26.c6 Qe7 27.Qc1 Be5 28.c7 Rc8
29.Qe1 Nd7 30.Bg4 Rxc7 31.Bxd7 Qxd7 32.Bxe5 Qd3+ 33.Kg1 Re7 34.Nc5 Qd4 35.
Nd3 Qxd3 36.Qc1 f6 37.Bg3 Qa3 38.Qd1 Qd3 
    ( 38...Qxb4 $5 )
39.Qa1 
    ( 39.Qxd3 $1 Re1+ 40.Qf1 Rxf1+ 41.Kxf1 $18 )
39...Rd7 40.Qa2+ Kf8 41.h3 Qd5 42.Qa6 Qd3 43.Qc8+ Rd8 44.Qc5+ Kf7 45.b5 
Rd5 46.Qc7+ Kg6 47.b6 Qb1+ 48.Kh2 Rb5 49.Qd8 Rxb6 50.Qe8+ Kf5 51.Bc7 Rb7 {
(=)} 52.g4+ 1-0

[Event "icn3g3r2,Montpellier Echecs-Ramonville"]
[Site "?"]
[Date "2003.11.15"]
[Round "?"]
[White "Canterini, Baptiste"]
[Black "Uzcudun, M."]
[Result "1-0"]
[WhiteElo "1980"]
[BlackElo "1960"]
[EventDate "2003.12.02"]
[PlyCount "119"]

1.e4 c5 2.Nf3 Nc6 3.d4 cxd4 4.Nxd4 Nf6 5.Nc3 e5 6.Ndb5 d6 7.Nd5 Nxd5 8.
exd5 Ne7 9.c4 Nf5 10.Bd3 a6 11.Nc3 Nd4 12.O-O Be7 13.Kh1 O-O 14.f4 f5 15.
fxe5 dxe5 16.Ne2 Nxe2 17.Qxe2 Qc7 18.Be3 e4 19.Bc2 Bd6 20.Bb3 Kh8 21.Qh5 
Bd7 22.Rac1 Be5 23.c5 Be8 24.Qe2 Qe7 25.Bf4 Bxf4 26.Rxf4 g5 27.Rff1 Bb5 
28.d6 Qe5 29.Bc4 Qxc5 30.Bxb5 Qxb5 31.Qd2 Qe5 32.Qxg5 Qxd6 33.Rxf5 Rxf5 
34.Qxf5 Re8 35.Qf7 Rf8 36.Qxb7 Qd3 37.Rg1 e3 38.Qe7 Kg8 39.Qe6+ Kg7 40.
Qe7+ Rf7 41.Qg5+ Kf8 42.Qc5+ Kg7 43.Qg5+ Kh8 44.Qe5+ Kg8 45.Qe8+ Kg7 46.
Qe5+ Rf6 47.Rc1 Kg6 48.Qg3+ Kh6 49.h4 Rf5 50.Rc3 Qf1+ 51.Kh2 e2 52.Re3 a5 
53.Re6+ Kh5 54.Re7 h6 55.Re4 Rf4 56.Re5+ Rf5 57.Re6 Qf2 $4 
    ( 57...Rf6 )
58.Qg6+ Kxh4 59.Qxh6+ Kg4 60.Rg6+ 1-0

[Event "icn3g3r2,Echiquier Toul.- Montpellier E"]
[Site "?"]
[Date "2003.11.15"]
[Round "?"]
[White "Tournay, Angelina"]
[Black "Ruiz-Pacheco, R."]
[Result "1-0"]
[WhiteElo "1470"]
[BlackElo "1230"]
[EventDate "2003.12.02"]
[PlyCount "57"]

1.e4 e5 2.Bc4 Nf6 3.Nc3 Bc5 4.d3 O-O 5.f4 d6 6.f5 Nc6 7.Bg5 Nd4 8.Nf3 c6 
9.a3 b5 10.Ba2 Ba6 11.Nxd4 Bxd4 12.Qd2 Rb8 13.O-O-O b4 14.axb4 Rxb4 15.g4 
Kh8 16.b3 h6 17.Bxf6 Qxf6 18.h4 Kg8 19.g5 Bxc3 $4 
    ( 19...Qd8 $14 )
20.Qxc3 hxg5 21.Qxb4 gxh4 22.Rdg1 c5 23.Qe1 Qh6+ 24.Kb1 h3 25.Qg3 f6 26.
Rxh3 Qg5 27.b4+ c4 28.Qxg5 fxg5 29.dxc4 1-0

[Event "icn3g3r2,Echiquier Toul.- Montpellier E"]
[Site "?"]
[Date "2003.11.15"]
[Round "?"]
[White "Serra Labrador, Carles"]
[Black "Fedou, C."]
[Result "1-0"]
[WhiteElo "1920"]
[BlackElo "1499"]
[EventDate "2003.12.02"]
[PlyCount "121"]

1.e4 c5 2.d4 cxd4 3.c3 a6 4.Bc4 Nc6 5.Nf3 b5 6.Bb3 Bb7 7.cxd4 Na5 8.Bxf7+ 
$6 
    ( 8.Bc2 )
8...Kxf7 9.Ne5+ Ke8 10.Qh5+ g6 11.Nxg6 Nf6 12.Qh4 Rg8 13.Nxf8 Rxf8 14.Bh6 
Rf7 $6 
    ( 14...Rg8 $1 )
15.e5 Ng8 16.Be3 Nc4 17.Qg5 Nxe3 18.fxe3 Qa5+ 19.Nd2 Kf8 20.Ke2 Bd5 21.e4 
h6 22.Qg6 Rf2+ 23.Kxf2 Qxd2+ 24.Kg3 Qe3+ 25.Kh4 Qxe4+ 26.Qxe4 Bxe4 27.
Rhf1+ Kg7 28.Rf4 Bg6 29.Rc1 e6 30.Rc7 Rd8 31.Ra7 Ne7 32.Rxa6 Nf5+ 33.Kh3 
Ne3 34.Rf3 Nd5 35.Rfa3 Rf8 36.Rf3 Bf5+ 37.g4 h5 $4 
    ( 37...Bd3 $5 $16 )
38.gxf5 exf5 39.Rd6 Nb4 40.Rxd7+ Kh6 41.a3 Nc2 42.Rg3 f4 43.Rd6+ Kh7 44.
Rgg6 Rf5 45.Rh6+ Kg7 46.Rdg6+ Kf7 47.Rf6+ Rxf6 48.Rxf6+ Ke7 49.Rxf4 b4 50.
axb4 Nxb4 51.Rf2 Nd3 52.Rd2 Nf4+ 53.Kh4 Ke6 54.Kg5 Nd5 55.Kxh5 Kf5 56.Rf2+
Ke4 57.e6 Kxd4 58.Rd2+ Ke5 59.Rxd5+ Kxe6 60.Kg6 Kxd5 61.h4 1-0

[Event "icn3g3r2,Echiquier Toul.- Montpellier E"]
[Site "?"]
[Date "2003.11.15"]
[Round "?"]
[White "Sakri, Abdelhak"]
[Black "Puig, Jacques"]
[Result "0-1"]
[WhiteElo "2016"]
[BlackElo "2000"]
[EventDate "2003.12.02"]
[PlyCount "90"]

1.d4 Nf6 2.Nf3 e6 3.Bf4 d5 4.e3 Nbd7 5.Bd3 c5 6.c3 Be7 7.dxc5 Bxc5 8.Nbd2 
Qe7 9.Ne5 Nxe5 10.Bxe5 O-O 11.Qc2 h6 12.h3 Nd7 13.Nf3 Nxe5 14.Nxe5 Qg5 15.
f4 Qg3+ 16.Qf2 Qxe3+ 17.Qxe3 Bxe3 18.g3 Rd8 19.Ke2 Bb6 20.Bb5 f6 21.Nf3 
Bd7 22.Bxd7 Rxd7 23.Rad1 Rc8 24.Rd3 e5 25.Nh4 e4 26.Rd2 e3 27.Rd3 d4 28.
Rhd1 Rdc7 29.cxd4 Rc2+ 30.Kxe3 Rxb2 31.R1d2 Rbc2 32.Rxc2 Rxc2 33.a3 Kf7 
34.Nf5 Rc7 35.Ke4 h5 36.Nd6+ Ke6 37.Nb5 f5+ 38.Kf3 Rd7 39.Ke3 Kd5 40.Nc3+ 
$2 
    ( 40.Rb3 a6 41.Nc3+ Kc4 42.Rxb6 Kxc3 $15 )
40...Kc4 41.Ne2 Re7+ 42.Kd2 Ba5+ 43.Nc3 Kb3 44.d5 Rc7 45.d6 Rxc3 0-1

[Event "icn3g3r2,Echiquier Toul.- Montpellier E"]
[Site "?"]
[Date "2003.11.15"]
[Round "?"]
[White "Py, Jean"]
[Black "Jugliard, E."]
[Result "1-0"]
[WhiteElo "2157"]
[BlackElo "2172"]
[EventDate "2003.12.02"]
[PlyCount "108"]

1.d4 Nf6 2.Nf3 g6 3.Bf4 Bg7 4.e3 c5 5.c3 Qb6 6.Qb3 Nc6 7.Qxb6 axb6 8.Nbd2 
d5 9.h3 O-O 10.Bc7 Nd7 11.Bb5 Re8 12.O-O Ra5 13.a4 c4 14.e4 e6 15.Rfe1 Na7
16.Bxb6 Nxb6 17.Bxe8 dxe4 18.Nxe4 Kf8 19.Bb5 Nxb5 20.axb5 Rxb5 21.Nd6 Rd5 
22.Nxc8 Nxc8 23.Ra8 Rd8 24.Ne5 Bxe5 25.Rxe5 Ke7 26.Rc5 Nd6 27.Rxd8 Kxd8 
28.f3 Kd7 29.Ra5 Ke7 30.Kf2 Kf6 31.g4 h6 32.Ke2 Ke7 33.Kd2 Kd7 34.Kc2 Kc7 
35.b3 cxb3+ 36.Kxb3 f5 37.Ra8 Nc8 38.c4 Kd7 39.c5 fxg4 40.hxg4 h5 41.gxh5 
gxh5 42.Kc4 h4 43.Ra2 Ne7 44.Rb2 Kc7 45.Kd3 Nf5 46.Ke4 Ne7 47.f4 Nf5 48.
Ke5 Ng7 49.Rb4 Kc6 50.Kf6 Nh5+ 51.Kg5 Ng7 52.Kxh4 Kd5 53.Kg5 Nf5 54.Kf6 
Nxd4 1-0

[Event "icn3g3r2,Echiquier Toul.- Montpellier E"]
[Site "?"]
[Date "2003.11.15"]
[Round "?"]
[White "Martinez, G."]
[Black "Robichon, F."]
[Result "1-0"]
[WhiteElo "2080"]
[BlackElo "1870"]
[EventDate "2003.12.02"]
[PlyCount "97"]

1.e4 c5 2.d3 Nc6 3.g3 d5 4.Nd2 Nf6 5.Bg2 Bg4 6.f3 Bh5 7.Ne2 dxe4 8.dxe4 
Qc7 9.Nf4 Bg6 10.O-O O-O-O 11.c3 e6 12.Qe2 e5 13.Nxg6 hxg6 14.Nc4 Nh5 15.
Ne3 Nf6 16.Rd1 Rxd1+ 17.Qxd1 Be7 18.Nd5 Qd7 19.Be3 Rd8 20.Nxe7+ Qxe7 21.
Qe2 Nd7 22.Rd1 Kc7 23.f4 f6 24.Qg4 Qf7 25.Bh3 f5 26.exf5 Nf6 27.Qe2 Nd5 
28.Bxc5 gxf5 29.fxe5 Qe6 30.Bd6+ Kc8 31.Qf3 
    ( 31.Rxd5 $3 Qxd5 32.Bxf5+ Rd7 33.Qg4 Nxe5 34.Bxe5 Qxe5 35.Bxd7+ Kc7 
    36.Bf5 $18 )
31...Nde7 32.Bg2 g5 33.Bxe7 Rxd1+ 34.Qxd1 Qxe7 35.Bxc6 Qc5+ 36.Qd4 Qxc6 
37.Qd6 Qe4 38.Qf8+ Kc7 39.Qc5+ Kb8 40.Qd6+ Kc8 41.Qe6+ Kc7 42.Qe7+ Kc6 
    ( 42...Kc8 $5 )
43.Qd6+ Kb5 44.Qb4+ Qxb4 45.cxb4 g4 46.Kf2 Kc6 47.Ke3 Kd5 48.Kf4 Ke6 49.a4
1-0

[Event "icn3g3r2,Echiquier Toul.- Montpellier E"]
[Site "?"]
[Date "2003.11.15"]
[Round "?"]
[White "Hassan, B."]
[Black "Lebon, Joffrey"]
[Result "0-1"]
[WhiteElo "2021"]
[BlackElo "2010"]
[EventDate "2003.12.02"]
[PlyCount "130"]

1.e4 e5 2.Nf3 Nc6 3.Bb5 a6 4.Ba4 Nf6 5.O-O Nxe4 6.d4 exd4 7.Nxd4 Nxd4 8.
Qxd4 Nc5 9.Re1+ Ne6 10.Qg4 Be7 11.Nc3 O-O 12.Nd5 c6 13.Nxe7+ Qxe7 14.f4 $4
    ( 14.c3 $15 )
14...Qb4 15.Qg3 Qxa4 16.f5 Nd4 17.f6 Nf5 18.fxg7 Qd4+ 19.Be3 Qxg7 20.Qf2 
d5 21.Bc5 Rd8 22.Bb6 Be6 23.Bxd8 Rxd8 24.Qb6 Qd4+ 25.Qxd4 Nxd4 26.Rac1 Kh8
27.c3 Nf5 28.Kf2 Rg8 29.Re5 Nd6 30.Ree1 Rg6 31.Rcd1 Ne4+ 32.Kf1 Kg7 33.c4 
b5 34.cxb5 axb5 35.b4 Rf6+ 36.Kg1 Nd6 37.Rd4 Bf5 38.Re7 Be4 39.Ra7 Nc4 40.
h3 Ne3 41.Rd2 Rf1+ 42.Kh2 Nc2 43.a3 Kf6 44.Kg3 Ke6 45.Rf2 Rxf2 46.Kxf2 Bd3
47.Rc7 Bc4 48.Rxc6+ Kd7 49.Rf6 d4 50.Kg3 d3 51.Rf1 Nxa3 52.Kf4 Kd6 53.Ke4 
Nc2 54.Rb1 f5+ 55.Kxf5 Kd5 56.g4 Kd4 57.Kf4 Kc3 58.g5 d2 59.Kf3 Nxb4 60.h4
Kc2 61.Rg1 d1=Q+ 62.Rxd1 Kxd1 63.Ke4 Nc6 64.h5 Kc2 65.h6 Bd3+ 0-1

[Event "icn3g3r2,Echiquier Toul.- Montpellier E"]
[Site "?"]
[Date "2003.11.15"]
[Round "?"]
[White "Fournier, Camille"]
[Black "Bertrand, Frederic"]
[Result "0-1"]
[WhiteElo "2095"]
[BlackElo "2241"]
[EventDate "2003.12.02"]
[PlyCount "78"]

1.d4 d5 2.c4 c6 3.Nf3 Nf6 4.e3 g6 5.cxd5 cxd5 6.Nc3 Nc6 7.Be2 Bg7 8.O-O 
O-O 9.a3 Bf5 10.Ne5 Rc8 11.Bb5 Nxe5 12.dxe5 Ne4 13.Qd4 Nxc3 14.bxc3 Qa5 
15.a4 a6 16.Bd3 Bxd3 17.Qxd3 Bxe5 18.Rb1 b6 19.e4 Rxc3 20.Qxd5 Qxd5 21.
exd5 Rc4 22.Rxb6 Rxa4 23.Bg5 f6 24.Be3 Rd8 25.Re6 Rd7 26.f4 Bd6 27.g3 Rc7 
28.Rf2 Rb7 29.Kg2 Rb5 30.Rd2 Raa5 31.Re4 Rxd5 32.Rxd5 Rxd5 33.Ra4 a5 34.
Ra2 Bb4 35.Kf3 f5 36.h3 Kf7 37.g4 Ke6 38.Bb6 Rd3+ 39.Ke2 Rxh3 0-1

[Event "icn3g3r2,Echiquier Toul.- Montpellier E"]
[Site "?"]
[Date "2003.11.15"]
[Round "?"]
[White "Dezaele, Christophe"]
[Black "Guerin, Gilles"]
[Result "1/2-1/2"]
[WhiteElo "2136"]
[BlackElo "2191"]
[EventDate "2003.12.02"]
[PlyCount "81"]

1.d4 Nf6 2.Nf3 d6 3.c4 Nbd7 4.Nc3 e5 5.e4 g6 6.g3 Bg7 7.Bg2 O-O 8.h3 exd4 
9.Nxd4 Ne5 10.b3 c5 11.Nde2 a6 12.a4 Re8 13.O-O Rb8 14.Be3 h6 15.Qc2 Bd7 
16.Rad1 Qe7 17.Nf4 Bc6 18.Nfd5 Bxd5 19.Nxd5 Nxd5 20.Rxd5 Nc6 21.Qd2 Rbd8 
22.Bxh6 Bd4 23.h4 f6 24.Be3 Nb4 25.Rxd4 cxd4 26.Bxd4 Nc6 27.Bc3 Ne5 28.Rd1
Kg7 29.f4 Nf7 30.Qd5 Qe6 31.Qd4 Nh6 32.Re1 Rf8 33.Qe3 Kh7 34.Bd2 Nf7 35.
Kh2 Rfe8 36.Qc3 Rf8 37.Bh3 Qe7 38.Qd4 Rb8 39.a5 Nh6 40.Qd5 b5 41.axb6 
1/2-1/2

[Event "icn3g3r2,Echiquier Toul.- Montpellier E"]
[Site "?"]
[Date "2003.11.15"]
[Round "?"]
[White "Daragon, Bruno"]
[Black "Barthelemy, Guy"]
[Result "1-0"]
[WhiteElo "1770"]
[BlackElo "2000"]
[EventDate "2003.12.02"]
[PlyCount "74"]

1.c4 e6 2.Nc3 d5 3.d4 Nf6 4.Nf3 Bd7 5.Bg5 h6 6.Bh4 g5 7.Bg3 Bb4 8.e3 Ne4 
9.Rc1 h5 10.h3 Nxg3 11.fxg3 Bc6 12.Bd3 Qd6 13.O-O dxc4 14.Ne4 Bxe4 15.Bxe4
Nd7 16.Nxg5 f5 17.Bxb7 Rb8 18.Bf3 Qxg3 19.Nxe6 Bd6 20.Bxh5+ Ke7 21.Nf4 
Rxb2 22.Qf3 Bxf4 23.exf4 Qxf3 24.Bxf3 Rxa2 25.Rxc4 Rd2 $6 
    ( 25...Rh4 $5 26.Rf2 Ra1+ 27.Kh2 Kd8 28.g3 Rh7 )
26.Ra1 Nb6 $2 
    ( 26...Rh4 $5 )
27.Rxc7+ Kd8 28.Raxa7 Rxd4 29.Rcb7 Rh6 30.Rb8+ Nc8 31.Raa8 Rc4 32.Bb7 Kc7 
33.Bxc8 Rh8 34.Rb7+ Kc6 35.Ra6+ Kc5 36.Rc7+ Kd4 37.Rxc4+ Kxc4 1-0

[Event "Régionale 2:Auch Fezensac / Echiquier t"]
[Site "Auch"]
[Date "2003.11.16"]
[Round "1.3"]
[White "Corbion, Patrice"]
[Black "Fedou, Christian"]
[Result "0-1"]
[WhiteElo "1499"]
[BlackElo "1499"]
[EventDate "2003.??.??"]
[PlyCount "118"]

1.e4 c5 2.d3 Nc6 3.Nf3 e5 4.Nc3 Nf6 5.Bg5 Be7 6.Qd2 h6 7.Bxf6 Bxf6 8.Nd5 
Bg5 9.Qc3 d6 10.h4 Bf6 11.Be2 Be6 12.a3 Nd4 13.Nxd4 exd4 14.Qb3 b6 15.Qa4+
Bd7 16.Qa6 O-O 17.Bf3 Re8 18.O-O-O Bc8 19.Qc4 Rb8 20.Rhe1 b5 21.Qb3 Bxh4 
22.Bh5 Be6 23.g3 Bf6 24.f4 a5 25.f5 Bg5+ 26.Kb1 a4 27.Qa2 Qd7 28.fxe6 Qxe6
29.Nc7 Qxa2+ 30.Kxa2 Re5 31.Nd5 g6 32.Bg4 h5 33.Bf3 b4 34.b3 axb3+ 35.Kxb3
Ree8 36.axb4 cxb4 37.Nxb4 Rec8 38.Ra1 Bd2 39.c3 Rxc3+ 40.Ka4 Ra8+ 41.Kb5 
Rc5+ 42.Kb6 Rb8+ 43.Ka7 Rxb4 44.Reb1 Rcb5 45.Rxb4 Rxb4 46.Ra6 Be1 47.g4 h4
48.Rxd6 h3 49.e5 Bg3 50.Rd8+ Kg7 51.Rc8 Rb3 52.Be4 h2 53.Rc7 Kf8 54.Rb7 
Ra3+ 55.Kb8 Bxe5+ 56.Kc8 Rc3+ 57.Kd7 Rxd3 58.Bxd3 h1=Q 59.Rb8+ Bxb8 0-1

[Event "Régionale 2:Auch Fezensac / Echiquier t"]
[Site "Auch"]
[Date "2003.11.16"]
[Round "1.2"]
[White "Dubois, Gilles"]
[Black "Hoeltzel, Guillaume"]
[Result "0-1"]
[WhiteElo "1500"]
[BlackElo "1499"]
[EventDate "2003.??.??"]
[PlyCount "62"]

1.d4 g6 2.c4 Bg7 3.Nc3 d6 4.Nf3 Nd7 5.Bf4 c6 6.Rc1 e5 7.Bg3 Ne7 8.e3 O-O 
9.Be2 f5 10.h3 e4 11.Ng5 Nb6 12.h4 Bf6 13.Qb3 d5 14.a4 Bxg5 15.hxg5 Be6 
16.c5 Nd7 17.Kd2 b6 18.Rh6 Rf7 19.Rch1 bxc5 20.Bh5 cxd4 21.exd4 f4 22.Bxg6
Nxg6 23.Bh4 Rb8 24.Qc2 Bf5 25.Ke2 f3+ 26.Kf1 Nxh4 27.R1xh4 Qxg5 28.g4 e3 
29.Qc1 e2+ 30.Ke1 Qxc1+ 31.Nd1 Qxd1# 0-1

[Event "Régionale 2:Auch Fezensac / Echiquier t"]
[Site "Auch"]
[Date "2003.11.16"]
[Round "1.1"]
[White "Blondelon, Paul"]
[Black "Bonnetot, Gilles"]
[Result "0-1"]
[WhiteElo "1450"]
[BlackElo "1499"]
[EventDate "2003.??.??"]
[PlyCount "128"]

1.e4 e5 2.Nf3 Nc6 3.d4 d6 4.dxe5 dxe5 5.Qxd8+ Kxd8 6.Bc4 f6 7.c3 Bg4 8.
Nbd2 Bd6 9.h3 Bd7 10.O-O Nge7 11.b4 f5 12.Bd5 Nxd5 13.exd5 Ne7 14.Ng5 Kc8 
15.Nf7 Rf8 16.Nxd6+ cxd6 17.c4 b5 18.Bb2 Kd8 19.Rac1 g6 20.Rfd1 e4 21.Nb3 
bxc4 22.Na5 Ba4 23.Rd4 Rc8 24.Nxc4 Kd7 25.Ne3 Rxc1+ 26.Bxc1 Rc8 27.Bd2 Bb5
28.g3 Bd3 29.h4 f4 30.gxf4 Nf5 31.Nxf5 gxf5 32.Be3 Rc2 33.a4 a6 34.b5 Rb2 
35.bxa6 Bxa6 36.Rd2 Rb1+ 37.Kh2 Rb4 38.Rb2 Rxa4 39.Rb1 Ke7 40.Rc1 Bc4 41.
Kg3 Kd7 42.Rd1 h5 43.f3 Be2 44.Rd4 Ra3 45.Kf2 Bxf3 46.Rd2 Ra1 47.Kg3 Ra3 
48.Kf2 Ra1 49.Kg3 Bd1 50.Kf2 Bb3 51.Ke2 Ra5 52.Rb2 Bxd5 53.Kd2 Bc6 54.Kc3 
Rd5 55.Bd4 Ra5 56.Rg2 Ke6 57.Rg5 Be8 58.Kb4 Ra4+ 59.Kc3 d5 60.Rg8 Rc4+ 61.
Kd2 Rxd4+ 62.Ke3 Rd3+ 63.Ke2 Bb5 64.Rg6+ Kf7 0-1

[Event "N4B2 Tournefeuille 2 - Montauban"]
[Site "?"]
[Date "2003.11.16"]
[Round "2.8"]
[White "Petat, Yannick"]
[Black "Egea, Claude"]
[Result "1/2-1/2"]
[WhiteElo "1700"]
[BlackElo "1660"]
[EventDate "2003.??.??"]
[PlyCount "161"]

1.d4 d5 2.c4 c6 3.Nc3 Nf6 4.Nf3 Nbd7 5.e3 e6 6.Bd3 Be7 7.e4 dxe4 8.Nxe4 
Nxe4 9.Bxe4 Nf6 10.Bc2 Bb4+ 11.Bd2 Qa5 12.O-O Bxd2 13.Qxd2 Qxd2 14.Nxd2 
O-O 15.Nf3 Bd7 16.Rfe1 Rad8 17.Rad1 Rfe8 18.Ne5 Bc8 19.c5 Nd5 20.Nc4 b6 
21.Nd6 Re7 22.Ba4 Rc7 23.a3 Kf8 24.Rd3 Ba6 25.Rf3 Nf6 26.h3 Kg8 27.b4 Ne8 
28.Nxe8 Rxe8 29.d5 b5 30.d6 Rd7 31.Bb3 Bc8 32.Re5 a5 33.Rfe3 Kf8 34.f4 
axb4 35.axb4 Ra7 36.g4 Bd7 37.g5 Ra1+ 38.Kf2 Rb1 39.Kg2 Rb2+ 40.Kg3 g6 41.
h4 Kg7 42.h5 h6 43.gxh6+ Kxh6 44.hxg6 Kxg6 45.f5+ Kf6 46.fxe6 fxe6 47.R5e4
Rg8+ 48.Kf3 Re8 49.Rf4+ Kg6 50.Ke4 Rg2 51.Kf3 Rg5 52.Bc2+ Kg7 53.Ke2 Rf8 
54.Rxf8 Kxf8 55.Rf3+ Kg7 56.Ke3 Rg4 57.Rf4 Rxf4 58.Kxf4 Kf6 59.Bh7 e5+ 60.
Ke4 Be6 61.Ke3 Kg7 62.Bd3 Bd7 63.Be2 Kf6 64.Bf1 Kg5 65.Bg2 Kf6 66.Kf2 Kg5 
67.Ke3 Kf6 68.Kf3 Kg5 69.Kg3 Kf6 70.Bh3 Bxh3 71.Kxh3 Ke6 72.Kg3 Kf6 73.Kg4
Ke6 74.Kg5 Kf7 75.Kf5 Ke8 76.Kxe5 Kd7 77.Kf5 Kd8 78.Ke5 Kd7 79.Kf6 Kd8 80.
Kf5 Kd7 81.Ke5 1/2-1/2

[Event "N4B2 Tournefeuille 2 - Montauban"]
[Site "?"]
[Date "2003.11.16"]
[Round "2.7"]
[White "Guesdon, Joël"]
[Black "Lecoultre, Patrick"]
[Result "0-1"]
[WhiteElo "1700"]
[BlackElo "1770"]
[EventDate "2003.??.??"]
[PlyCount "106"]

1.c4 c5 2.Nf3 Nf6 3.Nc3 g6 4.d4 cxd4 5.Nxd4 Bg7 6.e3 O-O 7.Be2 Nc6 8.Qc2 
d6 9.O-O Bd7 10.a3 Rc8 11.Nxc6 bxc6 12.Rd1 c5 13.e4 Ng4 14.h3 Ne5 15.Bg5 
Qe8 16.Nd5 f6 17.Be3 Nc6 18.Qd2 f5 19.exf5 Bxf5 20.Bg4 Rb8 21.Ra2 Ne5 22.
Be2 Rb7 23.Nf4 Qf7 24.Qd5 Qxd5 25.cxd5 Rb3 26.Bc1 Rfb8 27.f3 Bd7 28.Nd3 
Bb5 29.Nxe5 Bxe5 30.Bxb5 R8xb5 31.Re1 Bf6 32.a4 Rb7 33.Re2 Rd3 34.Kh2 Rxd5
35.Re4 Rb3 36.Kg3 Kf7 37.Kf2 Rd1 38.Rc4 Rd4 39.Rc2 Rdb4 40.Ke2 Ke6 41.Kd1 
c4 42.Re2+ Kd5 43.Kc2 Kc6 44.Kb1 d5 45.Re6+ Kc5 46.Be3+ d4 47.Bf4 d3 48.
Bd6+ exd6 49.Rxf6 c3 50.Rf7 Rxb2+ 51.Rxb2 Rxb2+ 52.Kc1 d2+ 53.Kd1 Rb1+ 0-1